Vietnam education and training directory

Đã lưu trong:
書目詳細資料
格式: 圖書
出版: 2004
標簽: 添加標簽
沒有標簽, 成為第一個標記此記錄!
Thư viện lưu trữ: Mạng thư viện Đại học Đà Nẵng
LEADER 00445nam a22001811a 4500
001 000037184
003 13479
005 20160412020311.0
008 160412s2004 000
082 |a 4A(07)83 
245 |a Vietnam education and training directory  |c Bộ GD&ĐT 
260 |c 2004 
OWN |a LNN 
999 |a From the UDN01 
TYP |a Monograph 
980 |a Mạng thư viện Đại học Đà Nẵng